Welcome to CU Library Online Public Access Catalogue (OPAC)

More than man : (Record no. 6277)

MARC details
000 -LEADER
fixed length control field 00560pam a2200193 i 4500
001 - CONTROL NUMBER
control field 3178063
005 - DATE AND TIME OF LATEST TRANSACTION
control field 20250604163334.0
008 - FIXED-LENGTH DATA ELEMENTS--GENERAL INFORMATION
fixed length control field 760120s1976 miu b 001 0 eng
020 ## - INTERNATIONAL STANDARD BOOK NUMBER
International Standard Book Number 0802834566 :
Terms of availability $8.95
050 00 - LIBRARY OF CONGRESS CALL NUMBER
Classification number BT202
Item number .A56
082 00 - DEWEY DECIMAL CLASSIFICATION NUMBER
Classification number 232
100 1# - MAIN ENTRY--PERSONAL NAME
Personal name Aldwinckle, Russell Foster.
245 10 - TITLE STATEMENT
Title More than man :
Remainder of title a study in christology /
Statement of responsibility, etc. by Russell F. Aldwinckle.
260 ## - PUBLICATION, DISTRIBUTION, ETC.
Place of publication, distribution, etc. Grand Rapids :
Name of publisher, distributor, etc. Eerdmans,
Date of publication, distribution, etc. c1976.
300 ## - PHYSICAL DESCRIPTION
Extent 311 p. ;
Dimensions 22 cm.
500 ## - GENERAL NOTE
General note Includes index.
650 #0 - SUBJECT ADDED ENTRY--TOPICAL TERM
Topical term or geographic name entry element Christianity and other religions.
942 ## - ADDED ENTRY ELEMENTS (KOHA)
Source of classification or shelving scheme Library of Congress Classification
Koha item type Books
Suppress in OPAC No
999 ## -
-- 6277
-- 6277
Holdings
Withdrawn status Lost status Source of classification or shelving scheme Damaged status Not for loan Collection Home library Current library Shelving location Date acquired Total checkouts Full call number Barcode Date last seen Copy number Price effective from Koha item type
    Library of Congress Classification     Non-fiction Undergraduate Library (Christ Temple) Undergraduate Library (Christ Temple) General stacks 06/04/2025   BT 202.A56 ALD ulct00003016 06/04/2025 1 06/04/2025 Books
© 2023-2024 Copyright: Central University Libraries. All Rights Reserved | Created by: Mahone Tech Office